Toward Economic Development for Native American Communities. Compendium of Papers. Vol. 1 : Part I-Development Prospects and Problems.

Bibliographic Details
Corporate Authors: United States. Congress. Joint Economic Committee. Subcommittee on Economy in Government, ProQuest (Firm)
Format: Government Document eBook
Language:English
Published: [Place of publication not identified] : [publisher not identified], 1969.
Series:U.S. Congressional Research.
Subjects:
Online Access:Connect to the full text of this electronic book

MARC

Tag First Indicator Second Indicator Subfields
LEADER 00000cam a22000001a 4500
001 in00003318721
006 m d f
007 cr bn mmmapmmp
008 100520s1969 dcu o f000 0 eng d
005 20260429180553.4
035 |a cis2007841403 
040 |a LexisNexis  |c LexisNexis  |d UtOrBLW 
043 |a n-us--- 
086 0 |a Y 4.Ec 7:Ec 7/21/v.1 
099 |a CMP-1969-ECJ-0011 
110 1 |a United States.  |b Congress.  |b Joint Economic Committee.  |b Subcommittee on Economy in Government. 
245 1 0 |a Toward Economic Development for Native American Communities. Compendium of Papers. Vol. 1 :  |b Part I-Development Prospects and Problems. 
264 1 |a [Place of publication not identified] :  |b [publisher not identified],  |c 1969. 
300 |a 1 online resource. 
336 |a text  |b txt  |2 rdacontent 
337 |a computer  |b c  |2 rdamedia 
338 |a online resource  |b cr  |2 rdacarrier 
500 |a Record is based on bibliographic data in LexisNexis U.S. Congressional Research Digital Collection (last viewed May 2010). Reuse except for individual research requires license from LexisNexis. 
500 |a Print. 
500 |a Electronic resource. 
650 0 |a Economic development. 
650 0 |a Indians of North America. 
651 0 |a Alaska. 
655 7 |a Electronic books.  |2 local 
710 2 |a ProQuest (Firm) 
776 0 8 |i Microfiche version:   |a United States. Congress. Joint Economic Committee. Subcommittee on Economy in Government.  |t Toward Economic Development for Native American Communities. Compendium of Papers. Vol. 1: Part I-Development Prospects and Problems.  |o J0503 
830 0 |a U.S. Congressional Research. 
856 4 0 |u http://proxy.library.tamu.edu/login?url=https://congressional.proquest.com/congcomp/getdoc?CRDC-ID=CMP-1969-ECJ-0011  |z Connect to the full text of this electronic book  |t 0 
999 |a MARS 
999 f f |s 8bde6de2-b859-3dcd-b47e-9bc161898f00  |i 0be4684b-6b3b-3f6e-a165-3a602064d89c  |t 0 
952 f f |a Texas A&M University  |b College Station  |c Electronic Resources  |s www_evans  |d Available Online  |t 0  |e CMP-1969-ECJ-0011  |h Other scheme 
998 f f |a CMP-1969-ECJ-0011  |t 0  |l Available Online